000 00446nam a2200181Ia 4500
001 1041
005 20260306140602.0
008 260306t1997||||xx |||||||||||||| ||spa||
041 _aESP
082 _a180
_bH58
100 _aHirschberger, Johannes
_eAUT
245 0 _aHistoria de la filosofía:
_bantigüedad, edad media, renacimiento
260 _c1997
300 _a
_c22 cm.
650 _aGEN
654 _aCHU
942 _cLIB
_dJUS
_fJUS
_2ddc
_n
999 _c1041
_d1041